1358 1424 1922 1005 1496 1270 1183 1075 1941 1848 1219 1006 1198 1950 1004 1667 1798 1242 1932 1902 1695 1040 1088 1214 1215 1976 1884 1930 1207 1986 1280 1575 1744 1796 1064 1102 1870 1636 1257 1986 1912 1908 1945 1878 1718 1364 1516 1075 1757 1935 1568 1580 1179 1396 1066 1910 1343 1773 1656 1441 1514 1371 1745 1289 1317 1322 1261 1324 1118 1877 1101 1161 1604 1733 1585 1633 1979 1127 1451 1224 1642 1654 1448 1343 1698 1750 1006 1244 1846 1871 1151 1529 1508 1854 1073 1728 1624 1618 1360 BCNSPRNW ULIB Ver.6.0+V

เปลี่ยนเป็นภาษาไทย

Change to English
 แสดงรายละเอียดบรรณานุกรม
  กลับหน้าหลัก

Brief Record : Get Marc (ISO 2709) : E-mail record : QR code < ปิดหน้าต่าง
LEADER : 00000nam 2200000uu 4500
001    13399111482
003     ULIB
008    110628s2543||||th 000 0 tha d
020    9748314901
050 04 BQ4570^bป384ป 2543
100 0  ประเวศ วะสี,^d2474-
245 10 เป็นเมืองพุทธทำไมทรุดลง :^bพุทธธรรมกับสังคม เล่ม 1 /^cประเวศ วะสี
250    พิมพ์ครั้งที่ 25
260    กรุงเทพฯ :^bหมอชาวบ้าน,^c2543
300    118 หน้า
500    พิมพ์ครั้งที่ 5, 25 ปี พ.ศ. เดียวกัน
650  7 พุทธศาสนากับสังคม
650  7 ไทย^xภาวะสังคม
945    ^p45^l0^i019554
995    ทศพร
999 ^a ใช้งานได้ทุกระบบ
รายการนี้ยังไม่มีแท็ก
คุณยังไม่ได้ล็อกอิน คุณสามารถมีกิจกรรมร่วมกับเว็บไซต์ได้ แต่ต้องล็อกอินก่อน ::
  ล็อกอิน

รายการสื่อสารสนเทศ

ลำดับที่ ประเภท เลขเรียก/บาร์โค้ด สถานที่ สถานะ
- ไม่พบข้อมูล -

รายการใกล้เคียง
    หัวเรื่อง [พุทธศาสนากับสังคม]

BibComment


ยังไม่เคยถูกคอมเมนท์

คอมเมนท์ทรัพยากรรายการนี้
  คอมเมนท์: เป็นเมืองพุทธทำไม..


 Copyright 2026. Bcnsprnw @Library